<?xml version="1.0" encoding="UTF-8"?>
<record
    xmlns:xsi="http://www.w3.org/2001/XMLSchema-instance"
    xsi:schemaLocation="http://www.loc.gov/MARC21/slim http://www.loc.gov/standards/marcxml/schema/MARC21slim.xsd"
    xmlns="http://www.loc.gov/MARC21/slim">

  <leader>00862nam a2200265   4500</leader>
  <controlfield tag="001">000000005</controlfield>
  <controlfield tag="003">OSt</controlfield>
  <controlfield tag="005">20260530113912.0</controlfield>
  <controlfield tag="008">260505b        CCC||||| |||| 00| 0 eng d</controlfield>
  <datafield tag="020" ind1=" " ind2=" ">
    <subfield code="a">9787806639382</subfield>
  </datafield>
  <datafield tag="040" ind1=" " ind2=" ">
    <subfield code="a">ICI</subfield>
    <subfield code="b">spa </subfield>
    <subfield code="c">ICI</subfield>
  </datafield>
  <datafield tag="041" ind1=" " ind2=" ">
    <subfield code="a">eng</subfield>
  </datafield>
  <datafield tag="050" ind1=" " ind2=" ">
    <subfield code="a">NK1510</subfield>
    <subfield code="b">C45 2010</subfield>
  </datafield>
  <datafield tag="245" ind1=" " ind2=" ">
    <subfield code="a">China red star design award yearbook 2010</subfield>
  </datafield>
  <datafield tag="260" ind1=" " ind2=" ">
    <subfield code="a">Beijing :</subfield>
    <subfield code="b">Cathay Bookshop,</subfield>
    <subfield code="c">2010</subfield>
  </datafield>
  <datafield tag="300" ind1=" " ind2=" ">
    <subfield code="a">Volumen :</subfield>
    <subfield code="b">Ilustraciones a color </subfield>
  </datafield>
  <datafield tag="650" ind1=" " ind2=" ">
    <subfield code="a">Dise&#xF1;o industria</subfield>
    <subfield code="z">China</subfield>
    <subfield code="9">33595</subfield>
  </datafield>
  <datafield tag="650" ind1=" " ind2=" ">
    <subfield code="a">Dise&#xF1;o de productos</subfield>
    <subfield code="z">China</subfield>
    <subfield code="9">33596</subfield>
  </datafield>
  <datafield tag="650" ind1=" " ind2=" ">
    <subfield code="a">Dise&#xF1;o</subfield>
    <subfield code="v">Premios</subfield>
    <subfield code="z">China </subfield>
    <subfield code="9">33597</subfield>
  </datafield>
  <datafield tag="650" ind1=" " ind2=" ">
    <subfield code="a">Dise&#xF1;o industrila </subfield>
    <subfield code="v">Premios </subfield>
    <subfield code="z">China </subfield>
    <subfield code="9">33598</subfield>
  </datafield>
  <datafield tag="650" ind1=" " ind2=" ">
    <subfield code="a">Dise&#xF1;o industrial</subfield>
    <subfield code="v">Anuarios </subfield>
    <subfield code="z">China </subfield>
    <subfield code="9">33599</subfield>
  </datafield>
  <datafield tag="650" ind1=" " ind2=" ">
    <subfield code="a">Innovaciones Tecnol&#xF3;gicas </subfield>
    <subfield code="v">Dise&#xF1;os </subfield>
    <subfield code="9">33600</subfield>
  </datafield>
  <datafield tag="710" ind1=" " ind2=" ">
    <subfield code="a">Organizmo Responsable del premio </subfield>
    <subfield code="9">33601</subfield>
  </datafield>
  <datafield tag="942" ind1=" " ind2=" ">
    <subfield code="2">lcc</subfield>
    <subfield code="c">BK</subfield>
    <subfield code="n">1</subfield>
  </datafield>
  <datafield tag="999" ind1=" " ind2=" ">
    <subfield code="c">12172</subfield>
    <subfield code="d">12172</subfield>
  </datafield>
</record>
